000 00713nam a2200253Ia 4500
003 OSt
005 20220928113641.0
006 a|||||r|||| 00| 0
007 ta
008 220927b |||||||| |||| 00| 0 eng d
024 _a99395
037 _cTextual
040 _aSDCL
_cSDCL
_beng
041 _2eng
_aeng
082 _aW, P3
100 _aEccleshall Robert
_9434235
245 0 _aPolitical ideologies
_b An introduction.
260 _aLondon
_bRoutledge
_c2003
300 _avii,252p.
_ccm.
700 _a Finlayson Alan
_9434236
700 _a Geoghegan Vincent
_9434237
942 _hW, P3
_cTEXL
_2CC
999 _c750599
_d750599